000 00838 a2200205 4500
008 080820t xxu||||| |||| 00| 0 eng d
010 _aENG-84785
020 _a8175244151
_c90.00
035 _aEN-68318
037 _bD.B.Act / Pub
082 _a796.6
245 _aCycling
_cedited and compiled by Narendra Kumar
_bskills and techniques
260 _aNew Delhi
_bKhel Sahitya Kendra
_c2006
270 _a7/26, Ansari Road, Darya Ganj,
_bNew Delhi
_cDelhi
_e110002
_k55190343, 42564726
_l42564726
_mkhelsahitya1@rediffmail.com
300 _a52 p.
_c21 cm (Hb)
650 _aCycling
700 _aNarendra Kumar
942 _adpl
_cEN
_k796.6 / CYC
_2ddc
_h796.6
_m CYC
999 _c356
_d356